Miestna samospráva a pracovnoprávne vzťahy
Salvato in:
| Autore principale: | |
|---|---|
| Altri autori: | |
| Natura: | Libro |
| Lingua: | slovacco |
| Pubblicazione: |
Bratislava
Bradlo
1992
|
| Edizione: | 1. vyd. |
| Serie: | Právo v praxi
|
| Soggetti: | |
| Tags: |
Nessun Tag, puoi essere il primo ad aggiungerne!!
|
MARC
| LEADER | 00000nam a2200000 4500 | ||
|---|---|---|---|
| 001 | c001207 | ||
| 005 | 20221214091832.1 | ||
| 020 | |a 80-7127-042-3 | ||
| 041 | 0 | |a slo | |
| 044 | |a SK | ||
| 245 | 1 | 0 | |a Miestna samospráva a pracovnoprávne vzťahy |c Marta Thurzová, Soňa Klementová |
| 250 | |a 1. vyd. | ||
| 264 | 1 | |a Bratislava |b Bradlo |c 1992 | |
| 300 | |a 103 s. |e príl. | ||
| 490 | 1 | |a Právo v praxi | |
| 830 | 0 | |a Právo v praxi | |
| 610 | 2 | 0 | |a vzťahy pracovnoprávne |
| 610 | 2 | 0 | |a správa štátna |
| 610 | 2 | 0 | |a správa miestna |
| 610 | 2 | 0 | |a samospráva |
| 610 | 2 | 0 | |a legislatíva |
| 100 | 1 | |a Thurzová, Marta | |
| 700 | 1 | |a Klementová, Soňa | |